LEADER 01323nam--2200361---450- 001 990002846010203316 005 20070215094149.0 010 $a88-348-5587-6 035 $a000284601 035 $aUSA01000284601 035 $a(ALEPH)000284601USA01 035 $a000284601 100 $a20061215d2005----km-y0itay50------ba 101 0 $aita 102 $aIT 105 $a||||||||001yy 200 1 $aProfili del processo penale nella Costituzione europea$fa cura di Maria Grazia Coppetta 210 $aTorino$cGiappichelli$d2005 215 $a259 p.$d24 cm 225 2 $aPubblicazioni della Facoltà di Giurisprudenza, Istituto di diritto processuale$fUniversità degli studi di Urbino Carlo Bo 410 0$12001$aPubblicazioni della Facoltà di Giurisprudenza, Istituto di diritto processuale$fUniversità degli studi di Urbino Carlo Bo 606 0 $aGiustizia penale$xCooperazione internazionale$xCostituzione europea 676 $a345.407 702 1$aCOPPETTA,$bMaria Grazia 801 0$aIT$bsalbc$gISBD 912 $a990002846010203316 951 $aSANT.6 2 15$b1811 DDPG$cSANT.6 959 $aBK 969 $aDDPG 979 $aDDPG1$b90$c20061215$lUSA01$h1413 979 $aDDPG1$b90$c20070215$lUSA01$h0941 996 $aProfili del processo penale nella costituzione europea$9741522 997 $aUNISA